| 000 | 00551nam a22001937a 4500 | ||
|---|---|---|---|
| 003 | OSt | ||
| 005 | 20131212122111.0 | ||
| 008 | 130604s2000 sp ||||| |||| 00| 0 cat d | ||
| 020 | _a8475025986 | ||
| 040 |
_cCDMR _bcat |
||
| 100 | 1 |
_9736 _aRamentol Massana, Santiago |
|
| 245 | 1 | 4 |
_aEls silencis de la ciència _cSantiago Ramentol |
| 260 |
_aValència _bEdicions 3 i 4 _c2000 |
||
| 300 | _a271 p. | ||
| 490 | 0 | _aComunicació (Edicions 3 i 4) | |
| 650 | 0 | 4 |
_92716 _aComunicació i tecnologia |
| 650 | 0 | 4 |
_93668 _aComunicació i ciència |
| 942 |
_2udc _cMON |
||
| 999 |
_c6402 _d6402 |
||